Flagi 100 największych państw - Statystyki

Ogólne statystyki
  • Ten quiz został rozwiązany 53 razy
  • Średni wynik to 65 z 100
Statystyki odpowiedzi
Obrazkowy Odpowiedź % Poprawnych
Chiny
100%
Kanada
100%
Rosja
100%
Argentyna
97%
Brazylia
97%
Stany Zjednoczone
97%
Australia
94%
Indie
94%
Arabia Saudyjska
89%
Indonezja
89%
Kazachstan
89%
Meksyk
86%
Algieria
83%
Francja
81%
Grecja
81%
Hiszpania
81%
Japonia
81%
Niemcy
81%
Polska
81%
Republika Południowej Afryki
81%
Ukraina
81%
Chile
78%
Egipt
78%
Iran
78%
Maroko
78%
Nepal
78%
Norwegia
78%
Wielka Brytania
78%
Włochy
78%
Finlandia
75%
Nowa Zelandia
75%
Szwecja
75%
Turcja
75%
Białoruś
72%
Kolumbia
72%
Korea Północna
72%
Nigeria
72%
Pakistan
72%
Urugwaj
72%
Wenezuela
72%
Czad
69%
Peru
69%
Rumunia
69%
Tunezja
69%
Wietnam
69%
Niger
67%
Angola
64%
Bangladesz
64%
Demokratyczna Republika Konga
64%
Filipiny
64%
Irak
64%
Mongolia
64%
Paragwaj
64%
Tajlandia
64%
Kenia
61%
Laos
61%
Malezja
61%
Wybrzeże Kości Słoniowej
61%
Ekwador
58%
Ghana
58%
Kamerun
58%
Libia
58%
Turkmenistan
58%
Uzbekistan
58%
Zambia
58%
Kambodża
56%
Kirgistan
56%
Papua-Nowa Gwinea
56%
Senegal
56%
Sudan
56%
Etiopia
53%
Mali
53%
Mauretania
53%
Afganistan
50%
Gabon
50%
Jemen
50%
Madagaskar
50%
Somalia
50%
Tadżykistan
50%
Uganda
50%
Boliwia
47%
Mozambik
47%
Nikaragua
47%
Oman
47%
Republika Środkowoafrykańska
47%
Tanzania
47%
Benin
44%
Botswana
44%
Burkina Faso
44%
Mjanma
44%
Surinam
44%
Syria
44%
Erytrea
42%
Kongo
42%
Malawi
42%
Sudan Południowy
42%
Zimbabwe
42%
Gujana
39%
Gwinea
39%
Namibia
39%
Nie znaleziono quizów pasujących do podanych kryteriów
Rozkład punktacji
Procent ludzi z każdym wynikiem
Percentyl według liczby udzielonych odpowiedzi
Twoja historia wyników
Nie rozwiązałeś tego quizu